Espacio narrativo en la ovela contemporánea: el Tango de la guardia vieja

Hlavným cieľom tohto príspevku je zistiť, do akej miery je autor románu schopný vytvoriť autentický literárny priestor, aj keď opisuje miesta, ktoré sú preňho exotické, či už geograficky alebo historicky. Berieme do úvahy, že Pérez-Reverte ako bývalý reportér dokáže zhromaždiť a použiť potrebné množ...

Full description

Saved in:
Bibliographic Details
Main Author: Tužinská Szalaiová, Sofia, 1973-
Format: Book Chapter
Language:Spanish
Subjects:
Tags: Add Tag
No Tags, Be the first to tag this record!

MARC

LEADER 00000naa$a2200000$$$4500
001 0306700
005 20250130091259.3
041 0 |a spa 
044 |a RO 
245 1 0 |a Espacio narrativo en la ovela contemporánea: el Tango de la guardia vieja  |c Sofia Tužinská Szalaiová 
520 |a Hlavným cieľom tohto príspevku je zistiť, do akej miery je autor románu schopný vytvoriť autentický literárny priestor, aj keď opisuje miesta, ktoré sú preňho exotické, či už geograficky alebo historicky. Berieme do úvahy, že Pérez-Reverte ako bývalý reportér dokáže zhromaždiť a použiť potrebné množstvo informácií a vizuálnych materiálov z druhej ruky na reprezentáciu štyroch rôznych a multikultúrnych priestorov: Cap Polonio, Buenos Aires, Nice a Sorrento; pričom ich dotvára vlastnou fantáziou a poetikou literárneho textu. 
610 2 0 |a veda 
610 2 0 |a literatúra 
610 2 0 |a jazyky cudzie 
610 2 0 |a slovenčina 
610 2 0 |a vzdelávanie 
100 1 |a Tužinská Szalaiová, Sofia, 1973-